Central Library OPAC University of Rajshahi

The government of the United States : (Record no. 36515)

MARC details
000 -LEADER
fixed length control field 00947nam a22002891a 4500
001 - CONTROL NUMBER
control field 36515
003 - CONTROL NUMBER IDENTIFIER
rucl marc code BD-RjUL
005 - DATE AND TIME OF LATEST TRANSACTION
control field 20211209052510.0
008 - FIXED-LENGTH DATA ELEMENTS--GENERAL INFORMATION
fixed length control field 140624s1946 nyua bf 001 0 eng
035 ## - SYSTEM CONTROL NUMBER
System control number (BD-RjUL)36615
System control number (OCoLC)498615
040 ## - CATALOGING SOURCE
Original cataloging agency DLC
Transcribing agency ODaWU
Modifying agency BD-RjUL
Language of cataloging eng
041 ## - LANGUAGE CODE
Language code of text/sound track or separate title eng
082 ## - DEWEY DECIMAL CLASSIFICATION NUMBER
Classification number 320.973
Author mark and year MUG 1946
100 1# - MAIN ENTRY--PERSONAL NAME
Personal name Munro, William Bennett
Dates associated with a name 1875-1957.
9 (RLIN) 111170
245 14 - TITLE STATEMENT
Title The government of the United States :
Remainder of title national, state, and local /
Statement of responsibility, etc. by William Bennett Munro.
250 ## - EDITION STATEMENT
Edition statement 5th ed.,
260 ## - PUBLICATION, DISTRIBUTION, ETC. (IMPRINT)
Place of publication, distribution, etc. New York :
Name of publisher, distributor, etc. Macmillan,
Date of publication, distribution, etc. 1946.
300 ## - PHYSICAL DESCRIPTION
Pagination ix, 887 p. :
Illustrations ill. ;
Size 25 cm.
504 ## - BIBLIOGRAPHY, ETC. NOTE
Bibliography, etc Includes Bibliography and index.
651 #0 - SUBJECT ADDED ENTRY--GEOGRAPHIC NAME
Geographic name United States
General subdivision Politics and government
Form subdivision Handbooks, manuals, etc.
9 (RLIN) 13587
700 1# - ADDED ENTRY--PERSONAL NAME
Personal name Zurcher, Arnold John
Dates associated with a name 1902-
Personal name Sait, Edward McChesney
Dates associated with a name 1881-1943.
942 ## - ADDED ENTRY ELEMENTS (KOHA)
Source of classification or shelving scheme Dewey Decimal Classification
Koha item type Books
Holdings
Lost status Source of classification or shelving scheme Damaged status Not for loan Collection code Permanent Location Current Location Shelving location Date acquired Source of acquisition Cost, normal purchase price Total Checkouts Full call number Date last seen Copy number Koha item type
  Dewey Decimal Classification     Non-fiction Central Library, University of Rajshahi Central Library, University of Rajshahi   08/06/1964 Zeitlinger 55.00   320.973 MUG 1946 24/06/2014 C-5 Books
  Dewey Decimal Classification     Non-fiction Central Library, University of Rajshahi Central Library, University of Rajshahi   08/06/1964 Zeitlinger. 55.00   320.973 MUG 1956 24/06/2014 C-3 Books
  Dewey Decimal Classification     Non-fiction Central Library, University of Rajshahi Central Library, University of Rajshahi   25/06/2014       320.973 MUG 1946 25/06/2014 C-2 Books
  Dewey Decimal Classification   Not For Loan Non-fiction Central Library, University of Rajshahi Central Library, University of Rajshahi Reading Room 19/11/1957 Dr. R.Y. Flano     320.973 MUG 1946 15/12/2016 C-1 Books
  Dewey Decimal Classification     Non-fiction Central Library, University of Rajshahi Central Library, University of Rajshahi   12/03/1963 Zeitlinger 53.08   320.973 MUG 1956 15/09/2021 C-4 Books